Stratego stukken quiz - Statistieken

Algemene statistieken
  • Deze quiz is 32 keer genomen
  • De gemiddelde score is 6 van 12
Antwoordstatistieken
Aantal Stuk % Correct
6 Bom
84%
1 1: Spion
80%
8 2: Verkenner
72%
3 7: Majoor
72%
2 8: Kolonel
68%
1 Vlag
68%
4 5: Luitenant
64%
4 4: Sergeant
60%
4 6: Kapitein
52%
1 10: Marshall
4%
1 9: Algemeen
4%
5 3: Mijnwerker
0%
Geen overeenkomende quizzen gevonden
Scoreverdeling
Procent van Mensen met Elke Score
Percentiel versus Aantal Correcte Antwoorden
Uw Scoregeschiedenis
U heeft deze quiz nog niet genomen